000 01301nam0a2200313 4500
001 RU\NLR\ONL2\6307
005 20260406073153.0
010 _a5-298-04181-7
_92000
035 _a(NLR Aleph) 009653904
090 _a9581862
_c9581862
100 _a20061113d2006 |||y0rusy50 ca
101 0 _atat
102 _aRU
105 _ac |||||||||
200 1 _aКук капусы ачылса...
_e[эзотерик язмалар, тарихи эсэр, хикэялэр, публицистика]
_fСолтан Шэмси
210 _aКазан
_cТатар. кит. нэшр.
_d2006
215 _a429, [1] б., [1] л. портр.
_d21
300 _aВ вып. дан. авт.: Шамсетдинов Султан Саляхович.
541 1 _6z01790
_aВрата седьмого неба...
_e[эзотерич. ст., рассказы, публицистика].
_zrus
686 1 _aШ6(2=Тат)7-4
700 1 _4070
_8tat
_7ca
_aШәмси
_bС.
_f1946-
_gСолтан
_3RU\NLR\auth-onl\771037
_9131092
790 1 _4070
_8rus
_7ca
_aШамси
_bС.
_f1946-
_gСултан
_3RU\NLR\auth-onl\771038
_9131093
801 0 _aRU
_bNLR
_c20061113
_gPSBO
852 _aNLR
_bОНЛ
_jТатар./3-13330
942 _cBOOK
980 _aNB
980 _aONL_RF